LIBRARY & INFORMATION CENTRE, KCAET, TAVANUR

ONLINE PUBLIC ACCESS CATALOGUE (OPAC)

Micro processors and micro compuer-Based system design / (Record no. 13046)

MARC details
000 -LEADER
fixed length control field 00393cam a2200145ua 4500
003 - CONTROL NUMBER IDENTIFIER
control field OSt
008 - FIXED-LENGTH DATA ELEMENTS--GENERAL INFORMATION
fixed length control field 241028b |||||||| |||| 00| 0 eng d
082 ## - DEWEY DECIMAL CLASSIFICATION NUMBER
Classification number 004.16
Item number RAF/MI
100 ## - MAIN ENTRY--AUTHOR NAME
Personal name Rafiquzzaman, Mohamad .
245 ## - TITLE STATEMENT
Title Micro processors and micro compuer-Based system design /
250 ## - EDITION STATEMENT
Edition statement second /
260 ## - PUBLICATION, DISTRIBUTION, ETC. (IMPRINT)
Place of publication London :
Name of publisher CRC Press ,
Year of publication 2008.
300 ## - PHYSICAL DESCRIPTION
Number of Pages 776 ;
Accompanying material `.
942 ## - ADDED ENTRY ELEMENTS (KOHA)
Koha item type Books
Holdings
Withdrawn status Lost status Damaged status Home library Current library Date acquired Full call number Accession Number Koha item type
Withdrawn   Damaged KAUAET KAUAET 07/04/2012 004.16 19074 Books
free website counter